000 00385 a2200169 4500
001 171221
020 _a85-08-08538-9
040 _cMagnum
100 _aCazarré, Lourençoo
240 1 0 _aIsso não é um filme americano
_lpor
245 1 0 _aIsso não é um filme americano
300 _a160
362 0 _a2002
440 1 _aÁtica
697 _aLITERATURA JUVENIL
942 _cBK
999 _c171221
_d171221